[Event "BRA-ch (Women) 62nd"]
[Site "Timbo"]
[Date "2023.11.02"]
[Round "6"]
[White "Eger, Laura Luisa"]
[Black "Guimaraes, Artemis Pamela"]
[Result "0-1"]
[WhiteElo "1840"]
[BlackElo "1980"]
[PlyCount "98"]
[EventDate "2023.10.29"]
[EventType "swiss"]
[EventRounds "9"]
[EventCountry "BRA"]
[SourceTitle "Mega2024 Update 01"]
[Source "Chessbase"]
[SourceDate "2023.11.12"]
[SourceVersion "1"]
[SourceVersionDate "2023.11.12"]
[SourceQuality "1"]

1. e4 e5 2. Nf3 Nc6 3. Bc4 Nf6 4. d3 Be7 5. 0-0 0-0 6. Re1 d6 7. a4 h6 8. h3 Kh8 9. a5 a6 10. Nc3 Be6 11. Nd5 Bxd5 12. exd5 Nb8 13. b4 c6 14. dxc6 Nxc6 15. Bd2 d5 16. Bb3 e4 17. dxe4 Nxe4 18. c3 Bf6 19. Rc1 Rc8 20. Re3 Ne5 21. Nxe5 Bxe5 22. Rd3 Qf6 23. Rf3 Qd6 24. Be1 Rcd8 25. Rd3 Qf6 26. Bxd5 Rxd5 27. Rxd5 Bxc3 28. Qd3 Bxe1 29. Rxe1 Qxf2+ 30. Kh2 Qxe1 31. Re5 Qh1+ 32. Kxh1 Nf2+ 33. Kh2 Nxd3 34. Re7 Nxb4 35. Rxb7 Nc6 36. Rb6 Nxa5 37. Rxa6 Nc4 38. Ra7 g6 39. Kg3 Kg7 40. Rc7 Nd6 41. Rd7 Nf5+ 42. Kf3 h5 43. Ra7 Rb8 44. Ra2 g5 45. Rd2 Kg6 46. Ra2 Rb3+ 47. Kf2 Ng3 48. Rc2 Kf5 49. Ra2 Kf4 0-1

[Event "Florianopolis op 6th"]
[Site "Florianopolis"]
[Date "2020.01.21"]
[Round "3"]
[White "Cordioli, Jairo Ribeiro"]
[Black "Guimaraes, Artemis Pamela"]
[Result "1-0"]
[WhiteElo "1792"]
[BlackElo "1980"]
[PlyCount "47"]
[EventDate "2020.01.20"]
[EventType "swiss"]
[EventRounds "10"]
[EventCountry "BRA"]
[SourceTitle "CBM 194 Extra"]
[Source "ChessBase"]
[SourceDate "2020.03.31"]
[SourceVersion "1"]
[SourceVersionDate "2020.03.31"]
[SourceQuality "1"]

1. d4 Nf6 2. c4 e6 3. Nc3 Bb4 4. Qc2 0-0 5. a3 Bxc3+ 6. Qxc3 b6 7. Nf3 Bb7 8. g3 d6 9. Bg2 Nbd7 10. 0-0 Ne4 11. Qc2 d5 12. Nd2 Ndf6 13. f3 Nxd2 14. Bxd2 c5 15. cxd5 Rc8 16. dxc5 Rxc5 17. Qa4 Rxd5 18. Bc3 a5 19. e4 Rd3 20. Rfd1 b5 21. Qc2 Rxd1+ 22. Rxd1 Qc7 23. Qd2 a4 24. Qf4 1-0

[Event "Sao Paulo op-A U2300 8th"]
[Site "Sao Paulo"]
[Date "2019.10.17"]
[Round "1"]
[White "Guimaraes, Artemis Pamela"]
[Black "Sega, Carlos Alberto"]
[Result "1/2-1/2"]
[WhiteElo "1967"]
[BlackElo "2190"]
[PlyCount "20"]
[EventDate "2019.10.17"]
[EventType "swiss"]
[EventRounds "6"]
[EventCountry "BRA"]
[SourceTitle "CBM 192 Extra"]
[Source "Chessbase"]
[SourceDate "2019.11.06"]
[SourceVersion "1"]
[SourceVersionDate "2019.11.06"]
[SourceQuality "1"]

1. d4 Nf6 2. c4 e6 3. Nc3 Bb4 4. f3 d5 5. a3 Be7 6. e4 dxe4 7. fxe4 e5 8. d5 Bc5 9. Nf3 Bg4 10. h3 Bxf3 1/2-1/2

[Event "Niteroi op 1st"]
[Site "Niteroi"]
[Date "2019.09.07"]
[Round "6"]
[White "Souza Jr, Helemberg Cubica De"]
[Black "Guimaraes, Artemis Pamela"]
[Result "0-1"]
[WhiteElo "1742"]
[BlackElo "1958"]
[PlyCount "122"]
[EventDate "2019.09.04"]
[EventType "swiss"]
[EventRounds "7"]
[EventCountry "BRA"]
[SourceTitle "EXT 2020"]
[Source "ChessBase"]
[SourceDate "2019.10.17"]
[SourceVersion "1"]
[SourceVersionDate "2019.10.17"]
[SourceQuality "1"]

1. e4 e5 2. Nf3 Nc6 3. Bb5 Nf6 4. 0-0 Nxe4 5. d4 Nd6 6. Bxc6 dxc6 7. dxe5 Nf5 8. Qxd8+ Kxd8 9. Nc3 Ke8 10. Bf4 Be6 11. Ng5 Nd4 12. Rad1 Nxc2 13. Nxe6 fxe6 14. a3 Rd8 15. Rxd8+ Kxd8 16. Rd1+ Ke8 17. Ne4 c5 18. Bg5 Nd4 19. Be3 Nb3 20. Ng5 Ke7 21. Ne4 Ke8 22. Ng5 Ke7 23. Rd3 c4 24. Rc3 h6 25. Ne4 Na5 26. Nd2 b5 27. Bxa7 Nc6 28. Bc5+ Kd7 29. Bxf8 Rxf8 30. Re3 Ke7 31. Kf1 Rd8 32. Ke1 Nd4 33. Rg3 Nf5 34. Rc3 Rd5 35. f4 g5 36. g3 gxf4 37. gxf4 Rd4 38. Rf3 c5 39. Nf1 Nh4 40. Rg3 Rxf4 41. Rg7+ Rf7 42. Rg8 Nf3+ 43. Ke2 Nxe5 44. Rb8 Nc6 45. Rg8 Nd4+ 46. Ke1 Kd6 47. Ne3 Nf3+ 48. Ke2 Nd4+ 49. Ke1 Rf3 50. Nd1 Rh3 51. Rg2 Rxh2 52. Rg3 Nc2+ 53. Kf1 Rh1+ 54. Ke2 Rh2+ 55. Kf3 Nd4+ 56. Kg4 h5+ 57. Kg5 h4 58. Re3 h3 59. Kg4 Rd2 60. Re1 h2 61. Kf4 Rg2 0-1

[Event "Niteroi op 1st"]
[Site "Niteroi"]
[Date "2019.09.05"]
[Round "2"]
[White "Guimaraes, Artemis Pamela"]
[Black "Limp, Eduardo Thelio"]
[Result "0-1"]
[WhiteElo "1958"]
[BlackElo "2373"]
[PlyCount "86"]
[EventDate "2019.09.04"]
[EventType "swiss"]
[EventRounds "7"]
[EventCountry "BRA"]
[SourceTitle "EXT 2020"]
[Source "ChessBase"]
[SourceDate "2019.10.17"]
[SourceVersion "1"]
[SourceVersionDate "2019.10.17"]
[SourceQuality "1"]

1. e4 c5 2. Nf3 d6 3. Bb5+ Nc6 4. 0-0 Bd7 5. Re1 Nf6 6. c3 a6 7. Bf1 Bg4 8. d4 e5 9. Be3 Be7 10. d5 Nb8 11. Nbd2 0-0 12. a4 Nbd7 13. Bd3 h6 14. h3 Bxf3 15. Qxf3 Nh7 16. a5 Bg5 17. Nc4 Qc7 18. Qg3 Ndf6 19. h4 Bxe3 20. fxe3 Nd7 21. Rf1 b5 22. axb6 Nxb6 23. Rf2 Nxc4 24. Bxc4 Qb6 25. Raf1 a5 26. Qg4 Qb7 27. Rf3 Kh8 28. Rg3 Rg8 29. Qh5 Qxb2 30. Rxf7 Raf8 31. Rxf8 Nxf8 32. Qe8 Qb1+ 33. Bf1 Nh7 34. Qe7 a4 35. Qxd6 a3 36. Qxe5 Nf6 37. Rg6 Nh7 38. Rxh6 Rf8 39. Rxh7+ Kxh7 40. Qh5+ Kg8 41. d6 Rxf1+ 42. Kh2 Rh1+ 43. Kg3 Qe1+ 0-1

[Event "Caioba Telecom op 5th"]
[Site "Caioba"]
[Date "2019.08.15"]
[Round "6"]
[White "Moura, Eduardo Henrique B"]
[Black "Guimaraes, Artemis Pamela"]
[Result "1-0"]
[WhiteElo "2141"]
[BlackElo "1959"]
[PlyCount "68"]
[EventDate "2019.08.12"]
[EventType "swiss"]
[EventRounds "9"]
[EventCountry "BRA"]
[SourceTitle "EXT 2020"]
[Source "ChessBase"]
[SourceDate "2019.10.17"]
[SourceVersion "1"]
[SourceVersionDate "2019.10.17"]
[SourceQuality "1"]

1. e4 e5 2. Nf3 Nc6 3. Bc4 Nf6 4. d3 Be7 5. 0-0 0-0 6. Re1 d6 7. a4 Kh8 8. h3 Ng8 9. Nc3 f5 10. Nd5 Nf6 11. Ng5 Nxd5 12. Nxh7 Qe8 13. Nxf8 Nb6 14. Ne6 Nxc4 15. Nxc7 Qg6 16. Nxa8 f4 17. Kh2 N4a5 18. c3 Bh4 19. Qf3 Nb3 20. g3 Bd8 21. Rb1 b6 22. gxf4 Nxc1 23. Rbxc1 exf4 24. d4 Qh6 25. e5 d5 26. e6 Bxe6 27. Re2 Bf5 28. Rg1 Kh7 29. b4 Bf6 30. Nc7 Bxd4 31. Nxd5 Ne5 32. Rxe5 Bxe5 33. Ne7 Bc2 34. Rc1 Bd3 1-0

[Event "BRA-ch (Women) 58th"]
[Site "Rio de Janeiro"]
[Date "2019.02.18"]
[Round "2.1"]
[White "Guimaraes, Artemis Pamela"]
[Black "Alboredo, Julia"]
[Result "1/2-1/2"]
[WhiteElo "1939"]
[BlackElo "2212"]
[PlyCount "111"]
[EventDate "2019.02.16"]
[EventType "k.o."]
[EventRounds "4"]
[EventCountry "BRA"]
[SourceTitle "CBM 189 Extra"]
[Source "ChessBase"]
[SourceDate "2019.06.03"]
[SourceVersion "1"]
[SourceVersionDate "2019.06.03"]
[SourceQuality "1"]

1. e4 c5 2. Nf3 d6 3. Bb5+ Nd7 4. a4 Ngf6 5. Nc3 a6 6. Bc4 Qa5 7. 0-0 b5 8. Ba2 e6 9. d3 b4 10. Ne2 Be7 11. Bd2 Qc7 12. Ng3 a5 13. Bc4 0-0 14. c3 Bb7 15. Re1 Bc6 16. Bf4 Qb7 17. Qc2 h6 18. Rad1 Rfe8 19. d4 Nxe4 20. Nxe4 Bxe4 21. Qxe4 Qxe4 22. Rxe4 d5 23. Bb5 dxe4 24. Bxd7 exf3 25. Bxe8 Rxe8 26. dxc5 Bxc5 27. cxb4 Bxb4 28. gxf3 Rc8 29. Rd3 Rc2 30. b3 f6 31. Bd6 Be1 32. Bg3 e5 33. Re3 Bb4 34. f4 Bc5 35. Re4 exf4 36. Rxf4 Kf7 37. Rc4 Rxc4 38. bxc4 Ke6 39. Bc7 Bb4 40. Bb6 Kd6 41. c5+ Kc6 42. Kg2 g5 43. f3 f5 44. h3 Kd5 45. f4 Bxc5 46. Bxa5 gxf4 47. Kf3 Bd6 48. Bd2 h5 49. Bxf4 Bb4 50. Bc7 Kc6 51. Bd8 Kd7 52. Bb6 Bd6 53. Be3 Kc6 54. Bf4 Bb4 55. Be3 Bd6 56. Bf4 1/2-1/2

[Event "Florianopolis op 5th"]
[Site "Florianopolis"]
[Date "2019.01.26"]
[Round "9"]
[White "Guimaraes, Artemis Pamela"]
[Black "Souza, Rafael Cabral de"]
[Result "1-0"]
[WhiteElo "1938"]
[BlackElo "2142"]
[PlyCount "70"]
[EventDate "2019.01.21"]
[EventType "swiss"]
[EventRounds "10"]
[EventCountry "BRA"]
[SourceTitle "CBM 188 Extra"]
[Source "ChessBase"]
[SourceDate "2019.02.26"]
[SourceVersion "1"]
[SourceVersionDate "2019.02.26"]
[SourceQuality "1"]

1. e4 g6 2. d4 d6 3. Nf3 Bg7 4. Nc3 a6 5. a4 a5 6. Bc4 Nf6 7. Qe2 Nc6 8. e5 dxe5 9. dxe5 Ng4 10. e6 Bxe6 11. Bxe6 fxe6 12. 0-0 Qd6 13. Nb5 Qd7 14. Rd1 Qc8 15. Ng5 h5 16. Qxe6 Qxe6 17. Nxc7+ Kf8 18. Ngxe6+ Kf7 19. Ng5+ Kf6 20. Nxa8 Rxa8 21. h3 Nh6 22. Ne4+ Kf7 23. Bxh6 Bxh6 24. Rd7 b6 25. Rb7 Nb4 26. c3 Nd5 27. c4 Nf4 28. Rxb6 Rd8 29. Re1 Rd4 30. Rb7 Kf8 31. Nc3 Bg5 32. Re4 Rd2 33. h4 Bh6 34. Rexe7 Rc2 35. Rh7 Kg8 1-0

[Event "Florianopolis op 5th"]
[Site "Florianopolis"]
[Date "2019.01.22"]
[Round "3"]
[White "Nasario, Rafael"]
[Black "Guimaraes, Artemis Pamela"]
[Result "1/2-1/2"]
[WhiteElo "1652"]
[BlackElo "1938"]
[PlyCount "28"]
[EventDate "2019.01.21"]
[EventType "swiss"]
[EventRounds "10"]
[EventCountry "BRA"]
[SourceTitle "CBM 188 Extra"]
[Source "ChessBase"]
[SourceDate "2019.02.26"]
[SourceVersion "1"]
[SourceVersionDate "2019.02.26"]
[SourceQuality "1"]

1. d4 Nf6 2. Nf3 e6 3. Bf4 c5 4. e3 Qb6 5. Nc3 Qxb2 6. Nd5 Nxd5 7. Bxb8 Rxb8 8. Nd2 cxd4 9. exd4 Bb4 10. Rb1 Bxd2+ 11. Kxd2 Qxa2 12. Ra1 Qb2 13. Rb1 Qa2 14. Ra1 Qb2 1/2-1/2

[Event "Caioba Telecom op"]
[Site "Caioba"]
[Date "2018.08.04"]
[Round "8"]
[White "Dias, Anderson Tatsch"]
[Black "Guimaraes, Artemis Pamela"]
[Result "1-0"]
[WhiteElo "2200"]
[BlackElo "1932"]
[PlyCount "83"]
[EventDate "2018.08.01"]
[EventType "swiss"]
[EventRounds "9"]
[EventCountry "BRA"]
[SourceTitle "CBM 186 Extra"]
[Source "ChessBase"]
[SourceDate "2018.08.24"]
[SourceVersion "1"]
[SourceVersionDate "2018.08.24"]
[SourceQuality "1"]

1. Nf3 Nf6 2. c4 e6 3. g3 d5 4. b3 Be7 5. Bg2 0-0 6. Bb2 c5 7. 0-0 d4 8. e3 Nc6 9. exd4 cxd4 10. Re1 Ne8 11. d3 f6 12. Na3 e5 13. Nc2 Nc7 14. a3 a5 15. Qd2 Na6 16. b4 axb4 17. axb4 Ncxb4 18. Nfxd4 exd4 19. Ba3 Nc6 20. Bxc6 Bxa3 21. Bd5+ Kh8 22. Rxa3 Qd6 23. Qf4 Qxf4 24. gxf4 Rb8 25. Nxd4 Nb4 26. Be4 Bh3 27. f5 Rfd8 28. Rb1 Rxd4 29. Rxb4 Rbd8 30. f3 g6 31. fxg6 f5 32. g7+ Kxg7 33. Rxb7+ Kf6 34. Bd5 h5 35. Kf2 f4 36. Ra6+ Kg5 37. Rg7+ Kh4 38. Rf6 Rb8 39. Be4 Rb2+ 40. Ke1 Bd7 41. Rxf4+ Kh3 42. Rxd7 1-0

[Event "Caioba Telecom op"]
[Site "Caioba"]
[Date "2018.08.01"]
[Round "2"]
[White "Aranha Filho, Alvaro Zimmermann"]
[Black "Guimaraes, Artemis Pamela"]
[Result "1-0"]
[WhiteElo "2284"]
[BlackElo "1932"]
[PlyCount "67"]
[EventDate "2018.08.01"]
[EventType "swiss"]
[EventRounds "9"]
[EventCountry "BRA"]
[SourceTitle "CBM 186 Extra"]
[Source "ChessBase"]
[SourceDate "2018.08.24"]
[SourceVersion "1"]
[SourceVersionDate "2018.08.24"]
[SourceQuality "1"]

1. Nf3 Nf6 2. c4 e6 3. g3 d5 4. Bg2 Be7 5. d4 0-0 6. Qc2 c6 7. Nbd2 b6 8. 0-0 Bb7 9. e4 dxc4 10. Rd1 b5 11. b3 cxb3 12. Nxb3 Nbd7 13. Nc5 Bxc5 14. dxc5 Qc7 15. Rd6 Nxc5 16. e5 Ncd7 17. exf6 Qxd6 18. fxg7 Rfd8 19. Bb2 Nb6 20. Ne5 f6 21. Ng4 e5 22. Qf5 Kxg7 23. Nxf6 Nc4 24. Nh5+ Kg8 25. Be4 Qg6 26. Qh3 Qf7 27. Bc1 Rd1+ 28. Kg2 Bc8 29. Qh4 Bf5 30. Nf6+ Kg7 31. Bh6+ Kh8 32. Rxd1 Bxe4+ 33. Nxe4 Rf8 34. Bxf8 1-0

[Event "BRA-ch Universities (Women)"]
[Site "Vitoria"]
[Date "2018.06.09"]
[Round "7"]
[White "Guimaraes, Artemis Pamela"]
[Black "Librelato, Kathie Goulart"]
[Result "1/2-1/2"]
[WhiteElo "1911"]
[BlackElo "2072"]
[PlyCount "67"]
[EventDate "2018.06.06"]
[EventType "swiss"]
[EventRounds "7"]
[EventCountry "BRA"]
[SourceTitle "EXT 2019"]
[Source "ChessBase"]
[SourceDate "2018.10.10"]
[SourceVersion "1"]
[SourceVersionDate "2018.10.10"]
[SourceQuality "1"]

1. e4 e5 2. Nf3 Nc6 3. Bb5 a6 4. Ba4 Nf6 5. Qe2 b5 6. Bb3 d6 7. c3 Be7 8. 0-0 0-0 9. Rd1 Na5 10. Bc2 c5 11. d4 Qc7 12. dxe5 dxe5 13. Bg5 Be6 14. Nbd2 Rfd8 15. b3 Nc6 16. Rac1 h6 17. Bh4 Nh5 18. Bxe7 Nxe7 19. Nf1 Nf4 20. Qe3 a5 21. g3 Nfg6 22. Kg2 c4 23. Qe2 Qc6 24. Ne3 cxb3 25. Rxd8+ Rxd8 26. Bxb3 Rb8 27. Nd5 Nxd5 28. exd5 Bxd5 29. Bxd5 Qxd5 30. c4 bxc4 31. Qxc4 Qxc4 32. Rxc4 Rb4 33. Rc8+ Kh7 34. Rc5 1/2-1/2

[Event "BRA-ch Universities (Women)"]
[Site "Vitoria"]
[Date "2018.06.07"]
[Round "2"]
[White "Guimaraes, Artemis Pamela"]
[Black "Assuncao, Darlane Brito"]
[Result "1-0"]
[WhiteElo "1911"]
[BlackElo "1796"]
[PlyCount "51"]
[EventDate "2018.06.06"]
[EventType "swiss"]
[EventRounds "7"]
[EventCountry "BRA"]
[SourceTitle "EXT 2019"]
[Source "ChessBase"]
[SourceDate "2018.10.10"]
[SourceVersion "1"]
[SourceVersionDate "2018.10.10"]
[SourceQuality "1"]

1. e4 d6 2. d4 Nf6 3. Nc3 g6 4. Nf3 Bg7 5. Be2 0-0 6. 0-0 Nbd7 7. e5 dxe5 8. dxe5 Ng4 9. e6 Nde5 10. exf7+ Nxf7 11. Bc4 Bf5 12. h3 Nge5 13. Nxe5 Bxe5 14. Qe2 Bg7 15. Bg5 Bf6 16. Rad1 Qc8 17. Bxf6 exf6 18. Nd5 Kg7 19. Ne7 Qe8 20. Nxf5+ gxf5 21. Qxe8 Raxe8 22. Rd7 Rc8 23. Re1 Kg6 24. Ree7 Ne5 25. Rg7+ Kh5 26. Be2+ 1-0

[Event "Sao Paulo Carnaval op"]
[Site "Sao Paulo"]
[Date "2018.02.10"]
[Round "1"]
[White "Barberi, Catarina"]
[Black "Guimaraes, Artemis Pamela"]
[Result "0-1"]
[WhiteElo "1235"]
[BlackElo "1910"]
[PlyCount "60"]
[EventDate "2018.02.10"]
[EventType "swiss"]
[EventRounds "7"]
[EventCountry "BRA"]
[SourceTitle "CBM 183 Extra"]
[Source "ChessBase"]
[SourceDate "2018.04.19"]
[SourceVersion "1"]
[SourceVersionDate "2018.04.19"]
[SourceQuality "1"]

1. Nf3 Nf6 2. b3 e6 3. Bb2 b5 4. d4 Bb7 5. e3 b4 6. Bd3 Be7 7. Nbd2 0-0 8. 0-0 d5 9. Ne5 Nbd7 10. f4 c5 11. Rf3 c4 12. bxc4 dxc4 13. Rh3 cxd3 14. Nxd3 Nb6 15. Ne5 Rc8 16. Ng4 Nxg4 17. Qxg4 Rxc2 18. Bc1 Nc4 19. Qh5 h6 20. Rg3 Nxd2 21. Qxh6 Bf6 22. Bxd2 Rxd2 23. Qh5 Qd5 24. Qh3 Rc8 25. Rf1 Rcc2 26. Rf2 Rxf2 27. Rf3 Rxg2+ 28. Qxg2 Rxg2+ 29. Kxg2 Qxf3+ 30. Kg1 Qg2# 0-1

[Event "Florianopolis op 4th"]
[Site "Florianopolis"]
[Date "2018.01.21"]
[Round "4"]
[White "Guimaraes, Artemis Pamela"]
[Black "De Souza, Lucio Teixeira"]
[Result "1-0"]
[WhiteElo "1929"]
[BlackElo "1664"]
[PlyCount "41"]
[EventDate "2018.01.19"]
[EventType "swiss"]
[EventRounds "10"]
[EventCountry "BRA"]
[SourceTitle "EXT 2019"]
[Source "ChessBase"]
[SourceDate "2018.10.10"]
[SourceVersion "1"]
[SourceVersionDate "2018.10.10"]
[SourceQuality "1"]

1. e4 c5 2. Nf3 d6 3. d4 cxd4 4. Nxd4 Nf6 5. Nc3 a6 6. h3 e6 7. g4 Be7 8. g5 Nfd7 9. h4 Qc7 10. Be3 Ne5 11. Qd2 b5 12. 0-0-0 Bb7 13. f3 Nc4 14. Bxc4 Qxc4 15. Kb1 0-0 16. h5 Nd7 17. Qg2 b4 18. Na4 g6 19. Qh3 Rfc8 20. hxg6 Nf8 21. gxf7+ 1-0

[Event "Brasilia Terraviva op"]
[Site "Brasilia"]
[Date "2018.01.13"]
[Round "4"]
[White "Guimaraes, Artemis Pamela"]
[Black "Souza, Neurismar da Rocha"]
[Result "1/2-1/2"]
[WhiteElo "1929"]
[BlackElo "1637"]
[PlyCount "74"]
[EventDate "2018.01.11"]
[EventType "swiss"]
[EventRounds "7"]
[EventCountry "BRA"]
[SourceTitle "CBM 182 Extra"]
[Source "ChessBase"]
[SourceDate "2018.02.23"]
[SourceVersion "1"]
[SourceVersionDate "2018.02.23"]
[SourceQuality "1"]

1. e4 e5 2. Nf3 Nc6 3. Bb5 Nf6 4. Qe2 d6 5. d4 exd4 6. e5 Ng4 7. exd6+ Be6 8. dxc7 Qxc7 9. Nxd4 Qd7 10. Nxe6 Qxe6 11. Qxe6+ fxe6 12. 0-0 Bc5 13. Nc3 0-0 14. Ne4 Bb6 15. h3 Nd4 16. Bc4 Ne5 17. Bb3 Nxb3 18. axb3 Rac8 19. Nc3 a6 20. Bg5 Rf5 21. Bh4 Bd4 22. Rad1 Bxc3 23. bxc3 Rxc3 24. Rd8+ Kf7 25. Bg3 Rxc2 26. Rb8 Rc7 27. Re1 Rc5 28. Rxb7+ Kf6 29. Rb6 Rb5 30. Rxa6 Rxb3 31. Kh2 Rb2 32. Re3 g5 33. Ra8 Rb5 34. Rc3 Ng6 35. Ra6 Rb7 36. Re3 Ne5 37. Ra8 Ng6 1/2-1/2

[Event "Brasilia Terraviva op"]
[Site "Brasilia"]
[Date "2018.01.12"]
[Round "3"]
[White "Hopka, Matheus Marchesi"]
[Black "Guimaraes, Artemis Pamela"]
[Result "1-0"]
[WhiteElo "1677"]
[BlackElo "1929"]
[PlyCount "75"]
[EventDate "2018.01.11"]
[EventType "swiss"]
[EventRounds "7"]
[EventCountry "BRA"]
[SourceTitle "CBM 182 Extra"]
[Source "ChessBase"]
[SourceDate "2018.02.23"]
[SourceVersion "1"]
[SourceVersionDate "2018.02.23"]
[SourceQuality "1"]

1. e4 e5 2. Nf3 Nc6 3. d4 exd4 4. Nxd4 Bc5 5. Nb3 Bb6 6. Qe2 a5 7. Be3 Bxe3 8. Qxe3 Nf6 9. Nc3 0-0 10. 0-0-0 a4 11. Nd4 a3 12. b3 Re8 13. f3 Nb4 14. Ndb5 d6 15. Kb1 Bd7 16. Qd2 Re5 17. g4 Ne8 18. f4 Re7 19. g5 Bg4 20. Be2 Bxe2 21. Qxe2 d5 22. Qg2 c6 23. Nd4 Qa5 24. Nf5 Rc7 25. e5 Qc5 26. Qd2 Qa5 27. Qe3 Rd8 28. e6 c5 29. exf7+ Rxf7 30. Ne7+ Kf8 31. Nexd5 Nxd5 32. Rxd5 Rxd5 33. Nxd5 b6 34. Re1 Qb5 35. Qe6 g6 36. Qe5 Rg7 37. Nf6 Nc7 38. Qd6+ 1-0

[Event "Brazil AXPG op 1st"]
[Site "Ponta Grossa"]
[Date "2017.10.28"]
[Round "4"]
[White "Ferreira, Julia Cristine"]
[Black "Guimaraes, Artemis Pamela"]
[Result "0-1"]
[WhiteElo "1327"]
[BlackElo "1942"]
[PlyCount "38"]
[EventDate "2017.10.26"]
[EventType "swiss"]
[EventRounds "7"]
[EventCountry "BRA"]
[SourceTitle "CBM 181 Extra"]
[Source "ChessBase"]
[SourceDate "2017.12.12"]
[SourceVersion "1"]
[SourceVersionDate "2017.12.12"]
[SourceQuality "1"]

1. d4 Nf6 2. c4 e6 3. Nf3 Bb4+ 4. Bd2 a5 5. a3 Be7 6. g3 b6 7. Bg2 Bb7 8. 0-0 0-0 9. Nc3 d6 10. Qc2 Nbd7 11. Rfe1 Re8 12. e3 h6 13. Qc1 Bf8 14. Qc2 Qc8 15. Rac1 c5 16. Nb5 Be4 17. Qd1 Qb7 18. Nc3 Bc6 19. Qc2 Bxf3 0-1